This or That? Country Outline - Statistics

General Stats
  • This quiz has been taken 506 times
  • The average score is 51 of 60
Answer Stats
Question Tile Select % Correct
Poland No
95%
Poland No
95%
Poland No
95%
Poland No
95%
Czech Republic No
95%
Czech Republic No
93%
Jordan No
92%
Czech Republic No
92%
Czech Republic No
92%
Bolivia No
92%
Chad No
92%
Chad No
92%
Poland No
91%
Jordan No
91%
Jordan No
91%
Bolivia No
91%
Bolivia No
90%
Tajikistan No
90%
Tajikistan No
90%
Montenegro No
90%
Laos No
90%
Laos No
90%
Jordan No
89%
Jordan No
89%
Zimbabwe No
89%
Tajikistan No
89%
Montenegro No
89%
Laos No
89%
Zimbabwe No
88%
Bolivia No
88%
Zimbabwe No
87%
Bolivia No
87%
Chad No
87%
Chad No
87%
Chad No
87%
Zimbabwe No
86%
Laos No
86%
Guatemala No
85%
Guatemala No
85%
Laos No
85%
Poland Yes
84%
Montenegro No
83%
Guatemala No
83%
Guatemala No
83%
Jordan Yes
82%
Montenegro No
82%
Tajikistan No
80%
Guatemala No
79%
Zimbabwe No
78%
Czech Republic No
77%
Bolivia Yes
74%
Montenegro No
74%
Laos Yes
74%
Chad Yes
72%
Czech Republic Yes
69%
Tajikistan No
69%
Zimbabwe Yes
59%
Guatemala Yes
55%
Montenegro Yes
53%
Tajikistan Yes
51%
No matching quizzes found
Score Distribution
Percent of People with Each Score
Percentile by Number Answered
Your Score History
You have not taken this quiz